Veinte poemas de amor y una canción desesperada /
Guardado en:
| Autor Principal: | |
|---|---|
| Formato: | Libro |
| Publicado: |
Buenos Aires :
Losada,
1985
|
| Edición: | 31a. ed. |
| Materias: | |
| Etiquetas: |
Agregar Etiqueta
Sin Etiquetas, Sea el primero en etiquetar este registro!
|
| LEADER | 00673nam a22002295a 4500 | ||
|---|---|---|---|
| 001 | CEM.cems004646 | ||
| 008 | 130507s1985##################000#0#####d | ||
| 005 | 20220427144856.0 | ||
| 003 | CEMS | ||
| 245 | 1 | 0 | |a Veinte poemas de amor y una canción desesperada / |c Pablo Neruda [seudónimo] |
| 250 | |a 31a. ed. | ||
| 260 | |a Buenos Aires : |b Losada, |c 1985 | ||
| 300 | |a 124 p. | ||
| 020 | |a 9500300192 | ||
| 100 | 1 | |a Neruda, Pablo | |
| 082 | 0 | 4 | |a CH861.4 |
| 653 | |a Literatura | ||
| 653 | |a Literatura chilena | ||
| 653 | |a Poesía chilena-siglo 20 | ||
| 653 | |a Poesías | ||
| 653 | |a Literatura hispanoamericana | ||
| 859 | |a CEMS |b BIB. CEMS - 11 de abril |h CH861.4 |i N358a31 |p 14194.86 |t Ej.2 | ||
